000
00281nam a2200133Ia 4500
100
_a
Zig Ziglar
650
_a
General
942
_c
BK
245
_a
UP UP Up staying in a down down world
260
_b
Magna Publishers
082
_a
226.8/ZIG
546
_a
ENGLISH
999
_c
33112
_d
33112